00227nam a22000857a 4500082002000000100002000020245006100040260003000101300001000131 aTNC T19x91 C361 aChandra, Satish aIndonesia :bA new beginning ?cedited by Satish Chandra aNew DelhibSterlingc2002 a300p.